| 000 | 00851 a2200289 4500 | ||
|---|---|---|---|
| 003 | NUST | ||
| 005 | 20230712092531.0 | ||
| 008 | 230712b ||||| |||| 00| 0 eng d | ||
| 020 | _a9781853260919 | ||
| 040 |
_aDLC _bDLC |
||
| 082 | 0 | 0 |
_a823.912 _bWOO |
| 100 | 1 |
_aWoolf, Virginia, _945963 |
|
| 245 | 1 | 0 |
_aTo the lighthouse _cVirginia Woolf. |
| 260 |
_aIslamabad : _bNational Book Foundation. _c1994 |
||
| 300 |
_a306 p. ; _c21 cm. |
||
| 650 | 0 |
_aEnglish _zScotland _9107914 |
|
| 650 | 0 |
_aLoss (Psychology) _946155 |
|
| 650 | 0 |
_aMothers _xDeath _9107917 |
|
| 650 | 0 |
_aSummer resorts _9107918 |
|
| 650 | 0 |
_aMarried people _9107916 |
|
| 650 | 0 |
_aLighthouses _9107915 |
|
| 650 | 0 |
_aWidowers _9107919 |
|
| 651 | 0 |
_aSkye, Island of (Scotland) _9107920 |
|
| 655 | 7 | _aPsychological fiction. | |
| 655 | 7 | _aDomestic fiction. | |
| 942 |
_cBK _k823.912 WOO _2ddc |
||
| 999 |
_c5361 _d5361 |
||